000 00850nam a22002297a 4500
003 UA-OsUOA
001 70747
007 ta
008 20100914b un ||||| |||| 00| 0 ukr d
090 _a82.09(477)
_bЯ11
942 _cBK
040 _aUA-OsUOA
_bukr
_cUA-OsUOA
_dUA-OsUOA
245 _a"Я сіяв те, що Бог послав..."
_bСторінки публіцистичної, наукової та літературної творчості Павла Чубинського
_cЗелінська Н. В., Капраль І. І., Думанська О. І., Палюх О. В.
300 _a256 с.
955 _a2
041 _aukr
080 _a82.09(477)
020 _a978-966-603-607-3
260 _aЛьвів
_bСвіт
_c2009
650 7 _a82 Література. Літературознавство
_2UDC
999 _c357020
_d357020